000 00783nam a22001817a 4500
999 _c6669
_d6669
003 GBCCL
005 20241126110608.0
008 180523b ||||| |||| 00| 0 eng d
020 _a0917006011
040 _cgbc
082 _a220.52033
_bSTR
100 _aStrong, James
_d1822 - 1894
_911914
245 _aStrong's exhaustive concordance of the Bible :
_bshowing every word of the text of the common English version of the canonical books, and every occurrence of each word in regular order ; together with dictionaries of the Hebrew and Greek words of the original, with references to the English words /
_cJames Strong
260 _aMassachusetts:
_bHendrickson Publishers
300 _a1340, 128, 79 p.;
_c28 cm.
650 _aBible
_xConcordance, English
_911915
942 _2ddc
_cBK